|
|
|
|
| LEADER |
00000nam a2200000 a 4500 |
| 001 |
vtls001296871 |
| 003 |
SK-MaSNL |
| 005 |
20260302032806.0 |
| 008 |
160628s1996 xo b yy 0 eng |
| 015 |
|
|
|a SNBE1998/01-00551
|
| 020 |
|
|
|a 8096739573
|
| 035 |
|
|
|a SNK000248704
|
| 040 |
|
|
|a SNK
|b slo
|c SNK
|e AACR2
|
| 044 |
|
|
|a xo
|c SK
|
| 080 |
|
|
|a 908.437.678:726.54(083.9)=20=30
|2 1981
|
| 080 |
|
|
|a 726.54
|2 1981
|
| 080 |
|
|
|a 264.031(437.678)
|2 1981
|
| 110 |
0 |
|
|a Kostol sv. Jakuba (Levoča, Slovensko)
|4 aut
|9 32652
|
| 245 |
1 |
|
|a Levoča
|c foto Ladislav Jiroušek, Kazimír Štubňa
|
| 260 |
|
|
|a Spišská Nová Ves
|b R.S.U.
|b Karpatia Tour
|c 1996
|
| 300 |
|
|
|a [4] s.
|b fareb. fotogr., mp.
|c 21x15 cm
|
| 500 |
|
|
|a Súbež. text nem.
|
| 610 |
2 |
7 |
|a Kostol sv. Jakuba (Levoča, Slovensko)
|2 SNK
|9 32652
|
| 650 |
0 |
7 |
|a pútnické miesta
|2 SNK
|9 3031
|
| 651 |
|
7 |
|a Levoča (Slovensko)
|2 SNK
|9 26696
|
| 655 |
|
7 |
|a informačné publikácie
|2 SNK
|9 70181
|
| 700 |
1 |
|
|a Jiroušek, Ladislav,
|d 1943-2019
|4 fot
|9 90423
|
| 700 |
1 |
|
|a Štubňa, Kazimír,
|d 1937-
|4 fot
|9 9214
|
| 919 |
|
|
|a 80-967395-7-3
|
| 999 |
|
|
|c 1058513
|d 1060443
|
| 952 |
|
|
|t P60, <04>, [BOOK], {604}
|a SNK
|b SNK
|y VYP
|7 0
|p 17A0085556
|o snkOSC 19099 D1
|i snkKSP 8222/97
|0 0
|1 0
|4 0
|d 1997-07-30
|l 0
|r 2005-01-02 00:00:00
|w 2026-02-24
|
| 952 |
|
|
|t P60, <09>, [BOOK], {629}
|a SNK
|b SNK
|y NEVYP
|7 0
|o snkC 1909
|i snk3790/970801
|0 0
|1 0
|4 0
|d 1997-07-30
|l 0
|r 2005-01-02 00:00:00
|w 2026-02-24
|
| 952 |
|
|
|t P60, <03>, [BOOK], {603}
|a SNK
|b SNK
|y PREZ
|7 0
|p 17A0085557
|o snkOSC 19099
|i snkKSP 8221/97
|0 0
|1 0
|4 0
|d 1997-07-30
|l 0
|r 2005-01-02 00:00:00
|w 2026-02-24
|